On participation in political protest movements /

Guardat en:
Dades bibliogràfiques
Autor principal: Orum, Anthony M.
Format: Text
Etiquetes: Afegir etiqueta
Sense etiquetes, Sigues el primer a etiquetar aquest registre!

MARC

LEADER 00000 a a2200000 04500
001 43765
003
040 |a CRAI/IIS  |c CRAI/IIS 
100 |a Orum, Anthony M.  
245 |a On participation in political protest movements /  |c Anthony M. Orum  
773 |g páginas 130-140  
999 |c 20208  |d 20208